| 000 | 00379nam a2200121Ia 4500 | ||
|---|---|---|---|
| 008 | 170224s9999 xx 000 0 und d | ||
| 245 | _aBeyond one-size-fits-all: Tailoring diversity approaches to the representation of social groups. | ||
| 260 | _bJournal of Personality and Social Psychology | ||
| 260 | _c2016 | ||
| 300 | _a111:4 | ||
| 500 | _aOctober | ||
| 650 | _xPsychology. | ||
| 999 |
_c316391 _d316391 |
||